Las pasturas y sus plantas /
Guardado en:
| Autor Principal: | |
|---|---|
| Formato: | Libro |
| Publicado: |
Montevideo :
Hemisferio Sur,
1981
|
| Materias: | |
| Etiquetas: |
Agregar Etiqueta
Sin Etiquetas, Sea el primero en etiquetar este registro!
|
| LEADER | 01803nam a22003735a 4500 | ||
|---|---|---|---|
| 001 | CEM.cems016723 | ||
| 005 | 20171025151230.0 | ||
| 008 | 130507s1981##################000#0#####d | ||
| 003 | CEMS | ||
| 082 | 0 | 4 | |a 633.2 |
| 100 | 1 | |a Langer R. H. M. | |
| 245 | 1 | 0 | |a Las pasturas y sus plantas / |c R. H. M. Langer |
| 260 | |a Montevideo : |b Hemisferio Sur, |c 1981 | ||
| 300 | |a 514 p. | ||
| 505 | 0 | |a Las praderas de Nueva Zelandia / G. T. Daly -- Crecimiento de gramíneas y tréboles / R. H. M. Langer -- Especies y variedades de gramíneas / R. H. M. Langer -- Especies y variedades de leguminosas forrajeras / M. L. Smethan -- Establecimiento de la pastura / J. G. H. White -- Nutrición de la planta de pradera y ciclaje de nutrientes / W. R. Scott -- Manejo del pastoreo / M. L. Smethan -- Producción de ganado sobre pasturas / K. T. Jagusch -- Algunas enfermedades de ovinos y vacunos a pastoreo provenientes de la pastura / J. W. White -- Producción de semillas forrajeras / W. R. Scott -- Conservación / C. T. Dougherty -- Alfalfa / R. H. M. Langer -- Plagas de las praderas y de los cultivos de semilla fina / R. P. Pottinger -- Enfermedades de las plantas forrajeras / I. D. Blair | |
| 653 | |a Pasturas | ||
| 653 | |a Praderas | ||
| 653 | |a Gramineas | ||
| 653 | |a Gramineas-especies | ||
| 653 | |a Leguminosas forrajeras | ||
| 653 | |a Alfalfa | ||
| 653 | |a Lotus | ||
| 653 | |a Trébol blanco | ||
| 653 | |a Trébol frutilla | ||
| 653 | |a Trébol híbrido | ||
| 653 | |a Trébol rojo | ||
| 653 | |a Trébol subterráneo | ||
| 653 | |a Pasto kikuyo | ||
| 653 | |a Pasto miel | ||
| 653 | |a Falaris | ||
| 653 | |a Cebadilla criolla | ||
| 653 | |a Raigrás | ||
| 859 | |a CEMS |b BIB. CEMS - Agricultura |h 633.2 |i L262 |p A18169.95 |t Ej.1 | ||
| 859 | |a CEMS |b BIB. CEMS - Agricultura |h 633.2 |i L262 |p A1878.13 |t Ej.2 | ||
